[Event "GER-ch U10"]
[Site "Willingen"]
[Date "2015.05.24"]
[Round "1"]
[White "Wallat, Alexandra"]
[Black "Henzgen, Nick"]
[Result "0-1"]
[WhiteElo "935"]
[BlackElo "1269"]
[PlyCount "108"]
[EventDate "2015.05.24"]
[EventType "swiss"]
[EventRounds "11"]
[EventCountry "GER"]
[SourceTitle "CBM 166 Extra"]
[Source "ChessBase"]
[SourceDate "2015.06.18"]
[SourceVersion "1"]
[SourceVersionDate "2015.06.18"]
[SourceQuality "1"]

1. e4 e5 2. Nf3 Nc6 3. Bc4 Bc5 4. c3 Nf6 5. d3 d6 6. Bg5 Be6 7. Bxe6 fxe6 8. b4 Bb6 9. a4 a5 10. b5 Nb8 11. Nbd2 0-0 12. 0-0 c6 13. bxc6 Nxc6 14. Rb1 Rc8 15. Nc4 Ba7 16. Rxb7 Qe8 17. Nxd6 Qd8 18. Nxc8 Qxc8 19. Rb2 Ng4 20. h3 Nxf2 21. Rfxf2 Bxf2+ 22. Kxf2 Nd8 23. Bxd8 Qxd8 24. Kg1 Qc7 25. Ng5 Qc5+ 26. d4 Qxc3 27. Qd2 Qc6 28. Qxa5 Qc1+ 29. Kh2 Qxb2 30. Qxe5 Qb8 31. Nxe6 Qxe5+ 32. dxe5 Re8 33. Nc7 Rxe5 34. Kh1 Rxe4 35. a5 Ra4 36. a6 Kf7 37. Kh2 Ke7 38. Nd5+ Kd6 39. Nb6 Rxa6 40. Nc4+ Kc5 41. Ne3 g6 42. h4 h5 43. Nc2 Ra2 44. Ne3 Kd4 45. Nf1 Ke4 46. Ng3+ Kf4 47. Kh3 Ra3 48. Kh2 Rxg3 49. Kg1 Ra3 50. Kh2 Kg4 51. g3 Ra2+ 52. Kg1 Kf3 53. Kh1 Kxg3 54. Kg1 Ra1# 0-1